Geographical Songs - Statistics

General Stats
  • This quiz has been taken 19 times
  • The average score is 12 of 31
Answer Stats
Hint Answer % Correct
Bruce Springsteen - Born in the ____ USA
94%
Madonna - Don't Cry For Me _________ Argentina
88%
Morcheeba - ____ Wasn't Built in a Day Rome
76%
Shakira - Waka Waka (This Time for _______) Africa
71%
Katy Perry - _________ Gurls California
71%
Fergie - ______ Bridge London
71%
ABBA - ________ Waterloo
71%
Bonnie Tyler - Lost in _______ France
59%
The Chainsmokers - _____ Paris
59%
Johnny Cash - ______ Prison Blues Folsom
53%
Antonio Carlos Jobim - Gril from ________ Ipanema
53%
George Ezra - ________ Budapest
41%
Camila Cabello - ______ Havana
41%
Childish Gambino - This Is _______ America
35%
Mike Posner - I Took a Pill in _____ Ibiza
35%
Coldplay - Lovers in ______ Japan
35%
Brandon Flowers - Welcome to Fabulous ___ _____ Las Vegas
29%
Bee Gees - ______ (City on the Black Sea) Odessa
29%
George Ezra - _________ Barcelona
24%
Elton John - Just Like _______ Belgium
24%
Leonard Cohen - First We Take _________ Manhattan
24%
Outkast - B.O.B. (Bombs over _______) Baghdad
18%
The Cure - Fire in _____ Cairo
18%
Drake - 5am in _______ Toronto
18%
Rush - A Passage to _______ Bangkok
12%
Gorillaz - ____ ____ Hong Kong
12%
Bastille - _______ Pompeii
6%
Bon Iver - _______ Calgary
0%
Beirut - _____ Nantes
0%
Muse - ______ Prague
0%
Jeff Buckley - _________ Vancouver
0%
No matching quizzes found
Score Distribution
Percent of People with Each Score
Percentile by Number Answered
Your Score History
You have not taken this quiz